000 00245nam a2200097Ia 4500
001 719878
005 20250826163221.0
008 250824s9999 xx 000 0 und d
245 0 _aKUSURSUZ PLAN
_cCLIVE CUSSLER
260 _bALTIN KİTAPLAR YAYINLARI
999 _c719878
_d719878